Most popular boys names by letter - Statistics

General Stats
  • This quiz has been taken 60 times
  • The average score is 8 of 26
Answer Stats
Hint Answer % Correct
J John
76%
A Alexander
57%
Z Zachary
54%
B Benjamin
52%
P Peter
52%
D Daniel
48%
L Liam
48%
N Noah
46%
X Xavier
46%
R Robert
39%
H Henry
35%
E Ethan
31%
S Samuel
31%
K Kevin
30%
O Owen
30%
I Isaac
28%
M Muhammad
20%
F Finn
19%
T Tyler
19%
V Victor
19%
G Grayson
15%
C Carter
9%
Q Quincy
9%
W Warren
7%
Y Yusuf
6%
U Uriel
4%
No matching quizzes found
Score Distribution
Percent of People with Each Score
Percentile by Number Answered
Your Score History
You have not taken this quiz